00318nam a2200097Ia 4500008004100000020001800041100001800059245010900077260002000186300001400206171205s9999 xx 000 0 und d a9780415838344 aConn, Carmel. cCarmel ConnaAutism and the Social World of Childhood A Sociocultural perspective on Theory and Practice bRoutledgec2014 a186 pages